000 00618nam a2200241Ia 4500
003 OSt
005 20220928103915.0
006 a|||||r|||| 00| 0
007 ta
008 220927b |||||||| |||| 00| 0 eng d
024 _a34750
037 _cTextual
040 _aSDCL
_cSDCL
_beng
041 _2eng
_aeng
082 _aX813.2'P, P8
100 _aBali S K
_9407510
245 0 _aInsurance in India
260 _aNew Delhi
_bA K Publications
_c2008
300 _a248p
_ccm.
650 _aInsurance India
_9407511
942 _hX813.2'P, P8
_cTEXL
_2CC
999 _c723026
_d723026